000 00843nam a2200241Ia 4500
003 OSt
005 20220923225508.0
006 a|||||r|||| 00| 0
007 ta
008 220922b |||||||| |||| 00| 0 hin d
024 _a269,418
037 _cTextual
040 _aARTS
_cARTS
_bhin
041 _2hin
_ahin
082 _aQ3:23, 151M4.1-.2
100 _aतुलसी; युवाचार्य, संपा.
245 0 _aसूयगडो 1 - 2, अनु दुलहराज
246 _aSūyagaḍo 1 - 2, anu0 dulaharāja
260 _aलाडनूं
_b जैन विश्व भारती
_c1984
650 _aज्ैन् ध्ज्ञमर््
942 _hQ3:23, 151M4.1-.2
_cTEXL
_2CC
999 _c378607
_d378607